| 000 | 00369nam a22001457a 4500 | ||
|---|---|---|---|
| 020 | _a9780134859286 | ||
| 040 | _cNUST | ||
| 082 | _a620.112 UGU | ||
| 100 |
_aUgural, A. C. _984121 |
||
| 110 |
_aFenster, Saul K _984122 |
||
| 245 | _aAdvanced Mechanics of Materials and Applied Elasticity | ||
| 250 | _a6th | ||
| 260 |
_aBoston: _bPearson, _c2020. |
||
| 942 |
_2ddc _cBK |
||
| 999 |
_c586750 _d586750 |
||